000 00992nam a2200253 a 4500
001 BRCA_7483
005 20190320205843.0
008 250413s1798----sp-ac#####---#000-0#spa-#
041 _aspa
044 _asp
050 4 _aNK3615
_b.T67 1798
100 1 _aTorío de la Riva y Herrero, Torquato
_d1759-1820
_918422
245 1 0 _aArte de escribir por reglas y con muestras, según la doctrina de los mejores autores antiguos y modernos, extrangeros y nacionales
_bacompañado de unos principios de aritmética, gramática y ortografía castellana, urbanidad, etc.
_ccompuesto por Don Torquato Torío de la Riva y Herrero.
260 _aMadrid
_bImp. de la Vda. de J. Ibarra
_c1798
300 _axxviii, 418 p.
_bil.
_c29 cm.
500 _aIncluye índice alfabético, fe de erratas y notas aclaratorias
500 _aR11
650 1 4 _aCaligrafía
_95469
650 1 4 _aOrtografía
_918423
650 1 4 _aGramática
_918424
650 1 4 _aAritmética
_915858
902 _aGFM
942 _2lcc
_cB
999 _c7158
_d7158